Quizzes
Events
Quiz Creation
Community
Videos
Private Events
Remove Ads
Sign In
Join for FREE
Feedback
Dark Mode
Quiz Categories
Sports
Geography
Music
Movies
Television
Just For Fun
Miscellaneous
History
Literature
Language
Science
Gaming
Entertainment
Religion
Holiday
For Kids
Quiz Lab
Recent
Popular Today
Quiz Kudos Today
Editor Picks
Curator Picks
Quizzes by...
Day
Popularity
Type
Ratings
Length
Year
Community
Subscriptions
Recent Discussions
Orange Saloon
Badges
Playlists
Quests
Create
Leaderboards
Showdown
Live 5
Trivia Bingo
Activity
Puzzle Library
Sporcle Events
Private Events
Virtual Trivia
Globe League
Become a Host
Pub Owners
SporcleCon
Opinionation
Our Games
Videos
Blog
Mobile Apps
Partnerships
Remove Ads and Go Orange
Feedback
Sports
Athletes
MLB
NBA
NHL
NFL
Soccer
Sports Teams
WWE
NCAA
Football
Premier League
Basketball
Baseball
Hockey
Golf
Tennis
Cricket
Rugby
Auto Racing
Olympics
World Cup
Sports
Athletes
MLB
NBA
NHL
NFL
Soccer
Sports Teams
WWE
NCAA
Football
Premier League
Basketball
Baseball
Hockey
Golf
Tennis
Cricket
Rugby
Auto Racing
Olympics
World Cup
Random Quiz
Search Sporcle
×
Quiz Lab
Quiz Lab
Sports
Nintendo
Type in answers that appear in a list
Type in answers that appear in a list
Classic
Best Score? Go Orange.
2012 Tennessee Titan Roster Stats
Can you name the 2012 Tennessee Titan Roster?
By
Brett0440
7m
54 Questions
73 Plays
73 Plays
73 Plays
Comments
Comments
Give Quiz Kudos
Give Quiz Kudos
-
- Ratings
hide this ad
Random Order
Randomize order of answers
Randomize order of answers
Replay
Link that replays current quiz
Next Quiz
Link to next quiz in quiz playlist
You Got
0%
They Got
Avg Score
61%
Avg Friend Score
Upgrade to see
Score Distribution
Jump to the score distribution portion of the page
Score
0/54
Timer
07:00
0
Plays Today
Jersey Number
Player Name
% Correct
28
Chris Johnson
100%
45
Quinn Johnson
98.6%
32
Robert Johnson
98.6%
8
Matt Hasselbeck
97.3%
10
Jake Locker
95.9%
11
Rusty Smith
93.2%
18
Kenny Britt
91.8%
85
Nate Washington
89%
2
Rob Bironas
86.3%
33
Michael Griffin
86.3%
13
Kendall Wright
86.3%
89
Jared Cook
84.9%
71
Michael Roos
82.2%
21
Javon Ringer
80.8%
17
Damian Williams
80.8%
30
Jason McCourty
79.5%
76
David Stewart
79.5%
6
Brett Kern
78.1%
91
Derrick Morgan
78.1%
20
Alterraun Verner
75.3%
99
Jurrell Casey
74%
55
Zack Brown
72.6%
87
Lavelle Hawkins
72.6%
88
Craig Stevens
72.6%
56
Akeem Ayers
71.2%
52
Colin McCarthy
71.2%
23
Jamie Harper
67.1%
Jersey Number
Player Name
% Correct
84
Taylor Thompson
61.6%
95
Kamerion Wimbley
60.3%
26
Jordan Babineaux
58.9%
97
Karl Klug
58.9%
25
Darius Reynaud
54.8%
92
Will Witherspoon
52.1%
37
Tommie Campbell
50.7%
73
Steve Hutchinson
50.7%
94
Sen'Derrick Marks
50.7%
24
Coty Sensabaugh
49.3%
61
Fernando Velasco
49.3%
64
Leroy Harris
47.9%
60
Kevin Matthews
47.9%
62
DaJohn Harris
46.6%
93
Mike Martin
46.6%
66
Mike Otto
45.2%
59
Tim Shaw
42.5%
29
Ryan Mouton
39.7%
57
Patrick Bailey
32.9%
90
Scott Solomon
27.4%
38
Al Afalava
26%
48
Beau Brinkley
26%
53
Zac Diles
21.9%
79
Pannel Egboh
16.4%
68
Byron Stingily
16.4%
75
Keyunta Dawson
8.2%
70
Troy Kropog
6.8%
Quiz Playlist
Details
Report
Send in Message
Add To Playlist
Classic:
Type in answers that appear in a list
Random Order:
Randomize order of answers
Last Updated: Feb 16, 2017
Quiz Scoreboard
CHALLENGE
Sign Up to Join the Scoreboard
Show All
Scores
Hide
Comments
May contain spoilers
Recently Published
Billboard Blitz: Fleetwood Mac
by CooCooCachoo
Music
15s
Presidents Visiting Landmarks
by Hejman
History
7m
An Introduction to Baseball
by treessimontrees
Sports
5m
More to Explore
Quiz From the Vault
Featured Blog Post
Where Did the Easter Bunny Come From?
hide this ad
You Might Also Like...
Tags
Nintendo Quiz
2012
Jersey
Player
position
Roster
tennessee
titan
Today's Top Quizzes in Sports
Browse Sports
hide this ad
Today's Top Quizzes in Nintendo
Browse Nintendo
Top Contributed Quizzes in Sports
1
Les meilleurs buteurs des matchs entre le PSG et l’OM
2
2022 World Cup Stars
3
FIFA Club World Cup Champions
4
Les entraîneurs de l'OM et du PSG au 21e siècle
5
Criteria MLB: Left Handed Sluggers
6
AFC Teams Reveal (Wrong Answers Minefield)
7
5-to-1: UK Sports Teams
8
Name the Premier League winners with different clubs
9
5-to-1: FBS Animal Nicknames
10
Players with Multiple 50 Home Run Seasons
Explore More
Trending Topics
Marvel
Harry Potter
Kpop
Anime
Crossword
Disney
NBA
The Office
Soccer
Puzzle
NFL
Pokémon
Song
WWE
Country
hide this ad
More By:
Brett0440
Quiz
Plays
Rating
Category
Featured
Created
QB Who had Over 3000 Yards passing from 2000-2009
3,962
4.52
Sports
Oct 16, 2011
QB Who had Over 3000 Yards passing from 1990-1999
2,032
4.50
Sports
Jan 30, 2012
NHL All Time Goalies Wins Leader by Team
1,784
4.10
Sports
Jun 18, 2013
VH1's 100 Greatest Songs of the 90's
828
1.50
Music
Aug 14, 2011
NHL All Time Goal Leaders By Team
711
4.33
Sports
Jul 31, 2012
Go to Creator's Profile
Score Distribution
Quiz Creator Spotlight
Brett0440
Follow
Send a Message
Quizzes Created
-
Created Quiz Play Count
-
More By This Creator
Popular Quizzes Today
1
Find the US States - No Outlines Minefield
2
Find the Countries of Europe - No Outlines Minefield
3
The Countries of the World
4
Find the US States
5
Risky Map Clicking: Biggest States A-Z
6
US States
7
Popular People in 1961
8
Movies - When Are They Set?
More Sports Quizzes
NFL Starting QBs (2010s)
Published
Trending Quizzes
Risky Map Clicking: Least Populous States A-Z
1-10 Letter G Words
1-10 Letter F Words
Risky Map Clicking: Next State Alphabetically
Click the Washington State Counties! (Map)
Recently Updated
Leaping Animals
pecheneg
Reality TV Shows (A-Z)
bhenderson79
Rickey Henderson's Hall of Fame Teammates
pecheneg
Champions League XIs: Arsenal
pecheneg
Quick Pick: Celebrities in WWE's Hall of Fame
aduchscher
A-Z Keypad Blitz II
pecheneg
Multiple Oscar Actors
pecheneg
Mystery Phrase Blitz: Oscar 'Best Actors'
pecheneg
F. Scott Fitzgerald Novels
LTH
Pick 3 Villains
ddd62291
Trending Topics
Marvel
NBA
Crossword
Kpop
Disney
Harry Potter
Anime
Puzzle
NFL
Country
WWE
The Office
Soccer
Song
Pokémon
Your Account Isn't Verified!
In order to create a playlist on Sporcle, you need to verify the email address you used during registration. Go to your
Sporcle Settings
to finish the process.
Report this User
Report this user for behavior that violates our
Community Guidelines
.
Details:
Send Report
Go to the Sporcle.com Mobile Site →
Comments